00397nam a2200145Ia 450000500170000000800410001702000150005808200130007310000190008624500590010526000480016430000180021265000100023065000110024020240517022138.0240331s9999 xx 000 0 und d a0252008731 bBUHa335 aBuhle, Mari Jo 0aWomen and American socialism 1870-1920-cMari Jo Buhle aAmericabUniversity of Illinois pressc1981 axix, 344 p.,  aWomen aSocial